All United States Governors 2025 - Statistics

General Stats
  • This quiz has been taken 60 times
    13 since last reset
  • The average score is 28 of 50
Answer Stats
State Party Governor % Correct
Alabama Republican Kay Ivey
89%
Florida Republican Ron DeSantis
89%
Kentucky Democratic Andy Beshear
78%
California Democratic Gavin Newsom
78%
Arizona Democratic Katie Hobbs
78%
Utah Republican Spencer Cox
78%
Minnesota Democratic-Farmer-Labor Tim Walz
78%
Georgia Republican Brian Kemp
67%
Texas Republican Greg Abbott
67%
Michigan Democratic Gretchen Whitmer
67%
Illinois Democratic J.B. Pritzker
67%
Pennsylvania Democratic Josh Shapiro
67%
New York Democratic Kathy Hochul
67%
Kansas Democratic Laura Kelly
67%
Massachusetts Democratic Maura Healey
67%
Ohio Republican Mike DeWine
67%
New Jersey Democratic Phil Murphy
67%
Arkansas Republican Sarah Huckabee Sanders
67%
Wisconsin Democratic Tony Evers
67%
Maryland Democratic Wes Moore
67%
Tennessee Republican Bill Lee
56%
Virginia Republican Glenn Youngkin
56%
South Carolina Republican Henry McMaster
56%
Maine Democratic Janet Mills
56%
Colorado Democratic Jared Polis
56%
Louisiana Republican Jeff Landry
56%
Nevada Republican Joe Lombardo
56%
North Carolina Democratic Josh Stein
56%
New Hampshire Republican Kelly Ayotte
56%
Iowa Republican Kim Reynolds
56%
New Mexico Democratic Michelle Lujan Grisham
56%
Mississippi Republican Tate Reeves
56%
Oregon Democratic Tina Kotek
56%
Washington Democratic Bob Ferguson
44%
Idaho Republican Brad Little
44%
Rhode Island Democratic Dan McKee
44%
Nebraska Republican Jim Pillen
44%
Hawaii Democratic Josh Green
44%
Oklahoma Republican Kevin Stitt
44%
Indiana Republican Mike Braun
44%
Alaska Republican Mike Dunleavy
44%
Connecticut Democratic Ned Lamont
44%
Vermont Republican Phil Scott
44%
Montana Republican Greg Gianforte
33%
North Dakota Republican Kelly Armstrong
33%
South Dakota Republican Larry Rhoden
33%
Wyoming Republican Mark Gordon
33%
Missouri Republican Mike Kehoe
33%
Delaware Democratic Matt Meyer
22%
West Virginia Republican Patrick Morrissey
22%
No matching quizzes found
Score Distribution
Percent of People with Each Score
Percentile by Number Answered
Your Score History
You have not taken this quiz since the last reset